Top 20 Best Disney Movies - Statistics

General Stats
  • This quiz has been taken 110 times
  • The average score is 11 of 20
Answer Stats
Rank Release Year Movie % Correct
5 1937 Snow White and the Seven Dwarfs
81%
2 1994 The Lion King
76%
1 1991 Beauty and the Beast
73%
10 2013 Frozen
72%
7 1992 Aladdin
71%
14 1950 Cinderella
71%
19 1959 Sleeping Beauty
67%
3 1989 The Little Mermaid
66%
4 1940 Pinocchio
63%
11 1998 Mulan
62%
13 2010 Tangled
59%
6 2016 Moana
56%
12 1942 Bambi
55%
17 2009 The Princess and the Frog
52%
9 1997 Hercules
45%
8 1951 Alice in Wonderland
41%
16 1961 101 Dalmatians
36%
18 1973 Robin Hood
29%
20 1963 The Sword in the Stone
21%
15 2000 Emperor’s New Groove
17%
No matching quizzes found
Score Distribution
Percent of People with Each Score
Percentile by Number Answered
Your Score History
You have not taken this quiz